[Event "Women's Speed Chess Q1"]
[Site "chess.com INT"]
[Date "2021.05.28"]
[Round "3"]
[White "Eswaran, Ashritha"]
[Black "Vaishali, R"]
[Result "0-1"]
[WhiteTitle "WIM"]
[BlackTitle "WGM"]
[WhiteElo "2244"]
[BlackElo "2393"]
[WhiteFideId "2080788"]
[BlackFideId "5091756"]
[EventDate "2021.05.28"]

1. e4 c5 2. Nf3 Nf6 3. Nc3 d5 4. exd5 Nxd5 5. Nxd5 Qxd5 6. Bb5+ Nc6 7. h3 a6 8.
Bxc6+ Qxc6 9. O-O e6 10. b3 Be7 11. Bb2 O-O 12. Ne5 Qc7 13. f4 Bf6 14. Qg4 b5
15. d3 Bb7 16. Rae1 g6 17. Qe2 Bg7 18. g4 Rae8 19. g5 Ba8 20. Kh2 f6 21. Ng4
fxg5 22. Be5 Bxe5 23. fxe5 Rf5 24. Nf6+ Kf7 25. Nxe8 Kxe8 26. c3 Kd8 27. Rxf5
exf5 28. Kg3 h5 29. a4 h4+ 30. Kh2 Qd7 31. e6 Qd6+ 32. Qe5 Qxe5+ 33. Rxe5 g4 34.
e7+ Ke8 35. hxg4 fxg4 36. axb5 g3+ 37. Kh3 axb5 38. Rxc5 Kxe7 39. Rxb5 Bc6 40.
Re5+ Kf6 41. d4 g5 42. Re2 Bd7+ 43. Kg2 Kf5 44. Re5+ Kg4 45. Re4+ Kf5 46. Re1
Kf4 47. Rf1+ Kg4 48. d5 h3+ 49. Kg1 Bf5 50. Rxf5 Kxf5 51. c4 Kf4 52. d6 Kf3 53.
d7 h2+ 54. Kh1 Kf2 55. d8=Q g2+ 56. Kxh2 g1=Q+ 57. Kh3 Qg3# 0-1

[Event "Women's Speed Chess Q1"]
[Site "chess.com INT"]
[Date "2021.05.28"]
[Round "3"]
[White "Purtseladze, Maka"]
[Black "Martynkova, Olena"]
[Result "1/2-1/2"]
[WhiteTitle "IM"]
[BlackTitle "WIM"]
[WhiteElo "2274"]
[BlackElo "2195"]
[WhiteFideId "13602659"]
[BlackFideId "14134039"]
[EventDate "2021.05.28"]

1. d4 Nf6 2. Bg5 d5 3. e3 Nbd7 4. Bd3 e6 5. Nf3 c5 6. c3 Be7 7. Nbd2 h6 8. Bh4
b6 9. O-O Bb7 10. a4 O-O 11. Qe2 Ne4 12. Bxe7 Qxe7 13. Ba6 Bxa6 14. Qxa6 f5 15.
a5 Rfb8 16. axb6 Rxb6 17. Qa3 a5 18. Nxe4 fxe4 19. Nd2 Qd6 20. dxc5 Nxc5 21. b4
Nd3 22. bxa5 Qxa3 23. Rxa3 Rb5 24. Nb3 Ra6 25. Rfa1 e5 26. f3 exf3 27. gxf3 Nb2
28. Nd2 Nc4 29. Nxc4 dxc4 30. R1a2 Kf7 31. Ra4 Ke6 32. Rxc4 Raxa5 33. Rxa5 Rxa5
34. Rc7 g6 35. Rc6+ Kf5 36. Kf2 e4 37. fxe4+ Kxe4 38. Rxg6 Ra2+ 39. Kg3 Kxe3 40.
Rxh6 Rc2 41. Re6+ Kd3 42. Rc6 Ke4 43. h4 Rc1 44. Kg4 Kd5 45. Rc8 Ke6 46. h5 Kf7
47. Rc6 Kg7 48. h6+ Kh7 49. Kf5 Rc2 50. c4 Rc1 51. Ke5 Rd1 52. c5 Rd2 53. Rc8
Kxh6 54. c6 Kg7 55. Ke6 Rd1 56. Ke7 Rd2 57. Ke6 Rd1 58. c7 Rc1 59. Kd7 Rd1+ 60.
Kc6 Rc1+ 61. Kd6 Rd1+ 62. Ke6 Re1+ 63. Kf5 Rf1+ 64. Ke4 Re1+ 65. Kd3 Rc1 66. Kd2
Rc6 67. Kd3 Rd6+ 68. Kc4 Rc6+ 69. Kb5 Rc1 70. Kb6 Rb1+ 71. Kc6 Rc1+ 72. Kd7 Rd1+
73. Ke6 1/2-1/2

[Event "Women's Speed Chess Q1"]
[Site "chess.com INT"]
[Date "2021.05.28"]
[Round "3"]
[White "Kanyamarala, Trisha"]
[Black "Papp, Petra"]
[Result "0-1"]
[WhiteTitle "WIM"]
[BlackTitle "WGM"]
[WhiteElo "2180"]
[BlackElo "2336"]
[WhiteFideId "45004722"]
[BlackFideId "739049"]
[EventDate "2021.05.28"]

1. e4 c6 2. d4 d5 3. exd5 cxd5 4. Nc3 Nf6 5. h3 Nc6 6. Nf3 g6 7. Bd3 Bg7 8. O-O
Bf5 9. a3 Ne4 10. Be3 O-O 11. Ne2 Rc8 12. Rc1 Qb6 13. Rb1 Na5 14. Nh4 Bd7 15.
Nf4 e6 16. Nf3 Bb5 17. Ne5 f6 18. Nf3 a6 19. Nd2 Bxd3 20. cxd3 Ng5 21. Qg4 Rce8
22. h4 Nf7 23. b4 Nc6 24. Nxe6 f5 25. Qf3 Rxe6 26. Qxd5 Ne7 27. Qb3 Qd8 28. Rfe1
Nd5 29. Nf3 f4 30. Bd2 Rfe8 31. Ng5 Nxg5 32. hxg5 Rxe1+ 33. Rxe1 Rxe1+ 34. Bxe1
Bxd4 35. Qc4 Bg7 36. Qe4 Kh8 37. Qe6 Nc3 38. Bd2 f3 39. g3 Nb5 40. Be3 Nd4 41.
Qe4 b5 42. Kh2 Nc2 43. Qxf3 Nxe3 44. Qxe3 Bd4 45. Qe4 Bg7 46. f4 Qc8 47. Qd5 h5
48. gxh6 Bxh6 49. Qe5+ Bg7 50. Qe4 Qc2+ 51. Kh3 Kh7 52. f5 Qc1 53. fxg6+ Kh6 54.
Qh4+ Kxg6 55. Qe4+ Kf7 56. Qd5+ Kf8 57. Qd8+ Kf7 58. Qd7+ Kg6 59. Qe6+ Bf6 60.
Qg8+ Kf5 61. Qd5+ Be5 62. Qf7+ Bf6 63. Qh7+ Ke6 64. Qe4+ Be5 65. Qg6+ Kd5 66.
Qf7+ Kd4 67. Qd7+ Kc3 68. Qd5 Bd4 69. Qc6+ Kb2 70. Qd5 Qf1+ 0-1

[Event "Women's Speed Chess Q1"]
[Site "chess.com INT"]
[Date "2021.05.28"]
[Round "3"]
[White "Varshini, V"]
[Black "Fernandez, Maria Florencia"]
[Result "1-0"]
[WhiteTitle "WGM"]
[BlackTitle "WIM"]
[WhiteElo "2226"]
[BlackElo "2229"]
[WhiteFideId "5091241"]
[BlackFideId "116459"]
[EventDate "2021.05.28"]

1. e4 c5 2. Nc3 Nc6 3. g3 d6 4. Bg2 Nf6 5. d3 g6 6. Nge2 Bg7 7. O-O O-O 8. h3 e5
9. f4 Nd4 10. g4 Nxe2+ 11. Nxe2 exf4 12. Nxf4 Rb8 13. g5 Nd7 14. Nd5 b5 15. Qe1
Bb7 16. Bf4 Bxd5 17. exd5 Ne5 18. Qg3 Qb6 19. Kh1 Rbe8 20. Rae1 Qa5 21. a3 Qa4
22. c3 Qc2 23. d4 Nd3 24. Rxe8 Rxe8 25. Bxd6 cxd4 26. Qf3 Qe2 27. Qxf7+ Kh8 28.
cxd4 Ne1 29. Qf2 Nxg2 30. Qxg2 Qd3 31. Be5 Bxe5 32. dxe5 Rxe5 33. d6 Qxd6 34.
Qa8+ Kg7 35. Qxa7+ Re7 36. Qf2 Qd5+ 37. Qf3 Qxf3+ 38. Rxf3 Re5 39. h4 Re2 40.
Rb3 Re5 41. Kg2 Kf7 42. Kf3 Rc5 43. Rb4 Ke6 44. Ke4 Rf5 45. Kd3 Kd6 46. Kc3 Kc6
47. Re4 Rf3+ 48. Kb4 Rf2 49. b3 Rf5 50. Rd4 Re5 51. a4 bxa4 52. bxa4 Rf5 53.
Rc4+ Kb6 54. Re4 Rd5 55. Kc4 Rf5 56. Kd4 Ka5 57. Ke3 Kb6 58. Rd4 Ka6 59. Ke4 Rc5
60. Rd5 Rc4+ 61. Rd4 Rc6 62. Ke5 Rc5+ 63. Kf6 Rc7 64. Re4 Ka5 65. Re7 Rc6+ 66.
Kg7 Rc4 67. Kxh7 Rxh4+ 68. Kxg6 Kb4 69. Ra7 Kc5 70. a5 Kb5 71. a6 Kb6 72. Ra8
Rg4 73. Kf6 Rg1 74. g6 Rf1+ 75. Kg7 Rg1 76. Kh7 Rh1+ 77. Kg8 Rg1 78. g7 Rf1 79.
Rf8 Rg1 80. Rf6+ Ka7 81. Kf7 Ka8 82. Rg6 Rf1+ 83. Ke6 Re1+ 84. Kd5 Rd1+ 85. Kc4
Rc1+ 86. Kb3 Rb1+ 87. Ka2 Rb8 88. g8=Q 1-0

[Event "Women's Speed Chess Q1"]
[Site "chess.com INT"]
[Date "2021.05.28"]
[Round "4"]
[White "Paehtz, Elisabeth"]
[Black "Koridze, Lile"]
[Result "1-0"]
[WhiteTitle "IM"]
[BlackTitle "WFM"]
[WhiteElo "2456"]
[BlackElo "2016"]
[WhiteFideId "4641833"]
[BlackFideId "13612514"]
[EventDate "2021.05.28"]

1. d4 Nf6 2. Nf3 d5 3. Bf4 c5 4. e3 cxd4 5. exd4 Bg4 6. c3 Nc6 7. Qb3 Qd7 8. Ne5
Qc8 9. Nxg4 Qxg4 10. Qxb7 Qxf4 11. Qxc6+ 1-0

[Event "Women's Speed Chess Q1"]
[Site "chess.com INT"]
[Date "2021.05.28"]
[Round "4"]
[White "Hoshino, Karen"]
[Black "Varshini, V"]
[Result "0-1"]
[WhiteTitle "WFM"]
[BlackTitle "WGM"]
[WhiteElo "1836"]
[BlackElo "2226"]
[WhiteFideId "2137984"]
[BlackFideId "5091241"]
[EventDate "2021.05.28"]

1. d4 d5 2. c4 e6 3. Nc3 Nf6 4. e3 Be7 5. Nf3 O-O 6. Bd3 a6 7. O-O dxc4 8. Bxc4
b5 9. Bd3 Bb7 10. b3 Nbd7 11. Bb2 c5 12. Rc1 Rc8 13. dxc5 Nxc5 14. Be2 b4 15.
Nb1 Nd5 16. Ne5 Bf6 17. Nc4 Ne4 18. Bd4 Ndc3 19. Bxc3 Nxc3 20. Qc2 Be4 21. Qd2
Nxb1 22. Qxd8 Rfxd8 23. f3 Nc3 24. Bd1 Bd3 25. Re1 Bxc4 26. bxc4 Rxd1 27. Rexd1
Nxd1 28. Rxd1 Kf8 29. Rc1 Ke7 30. Kf2 Bc3 31. a3 a5 32. axb4 axb4 33. Ke2 Rxc4
34. Kd3 Rc8 35. Rb1 Rd8+ 36. Kc4 Rd2 37. g4 Rxh2 38. f4 Re2 39. Rd1 Rxe3 40. f5
Re4+ 41. Kb3 Rxg4 0-1

[Event "Women's Speed Chess Q1"]
[Site "chess.com INT"]
[Date "2021.05.28"]
[Round "4"]
[White "Vine, Elzbieta"]
[Black "Tarini, Goyal"]
[Result "0-1"]
[WhiteTitle "WFM"]
[BlackTitle "WFM"]
[WhiteElo "2138"]
[BlackElo "2164"]
[WhiteFideId "1119320"]
[BlackFideId "5082749"]
[EventDate "2021.05.28"]

1. e4 c6 2. d4 d5 3. exd5 cxd5 4. Bd3 Nc6 5. c3 Qc7 6. h3 Nf6 7. Ne2 Bd7 8. Bf4
e5 9. dxe5 Nxe5 10. O-O Bd6 11. Bxe5 Bxe5 12. f4 Bd6 13. Nd2 O-O 14. Qc2 Bc6 15.
Nd4 Bxf4 16. g3 Be3+ 0-1

[Event "Women's Speed Chess Q1"]
[Site "chess.com INT"]
[Date "2021.05.28"]
[Round "4"]
[White "Zaksaite, Salomeja"]
[Black "Nandhidhaa, P V"]
[Result "0-1"]
[WhiteTitle "WIM"]
[BlackTitle "WGM"]
[WhiteElo "2202"]
[BlackElo "2365"]
[WhiteFideId "12801496"]
[BlackFideId "5050847"]
[EventDate "2021.05.28"]

1. g3 c5 2. Bg2 Nc6 3. b3 e5 4. Bb2 Nge7 5. e3 d6 6. Ne2 g6 7. O-O Bg7 8. d3 O-O
9. Nd2 Be6 10. h3 Qd7 11. Kh2 Rae8 12. a3 f5 13. c4 g5 14. Nf3 e4 15. Bxg7 exf3
16. Bxf8 fxg2 17. Kxg2 Rxf8 18. d4 f4 19. d5 Bxh3+ 20. Kh2 Ne5 21. gxf4 Nf3+ 22.
Kh1 Qg4 23. Rg1 Qh4 0-1

[Event "Women's Speed Chess Q1"]
[Site "chess.com INT"]
[Date "2021.05.28"]
[Round "4"]
[White "Nguyen, Thi Thanh An"]
[Black "Singgih, Diajeng Theresa"]
[Result "1-0"]
[WhiteTitle "WGM"]
[BlackTitle "WFM"]
[WhiteElo "2259"]
[BlackElo "1972"]
[WhiteFideId "12400300"]
[BlackFideId "7104391"]
[EventDate "2021.05.28"]

1. d4 d5 2. Bf4 Nf6 3. e3 e6 4. Nf3 Bd6 5. Ne5 Nbd7 6. Bg3 Ne4 7. Nxd7 Bxd7 8.
Bxd6 Nxd6 9. Bd3 b6 10. Nd2 c5 11. c3 c4 12. Bc2 b5 13. O-O a5 14. e4 O-O 15. e5
Nf5 16. Bxf5 exf5 17. Qf3 Be6 18. a3 Qb6 19. Rfc1 b4 20. Nf1 Rfb8 21. Ne3 bxa3
22. bxa3 Qb2 23. Nxd5 Rb3 24. Nc7 Rab8 25. h3 Rxa3 26. Rab1 Qxb1 27. Rxb1 Rxb1+
28. Kh2 h6 29. d5 Bd7 30. e6 fxe6 31. dxe6 Bxe6 32. Nxe6 Rb7 33. Qxb7 1-0

[Event "Women's Speed Chess Q1"]
[Site "chess.com INT"]
[Date "2021.05.28"]
[Round "4"]
[White "Mendoza, Beverly"]
[Black "Arpita, Mukherjee"]
[Result "0-1"]
[WhiteTitle "WIM"]
[BlackTitle "WIM"]
[WhiteElo "1945"]
[BlackElo "2206"]
[WhiteFideId "5201250"]
[BlackFideId "5056403"]
[EventDate "2021.05.28"]

1. d4 Nf6 2. Nf3 g6 3. Bf4 Bg7 4. Nc3 d6 5. Qd2 O-O 6. Bh6 c6 7. O-O-O b5 8.
Bxg7 Kxg7 9. e4 b4 10. e5 bxc3 11. exf6+ exf6 12. Qxc3 d5 13. h4 h5 14. Be2 Bf5
15. Bd3 Bg4 16. Rde1 Bxf3 17. gxf3 Qd6 18. Qd2 Nd7 19. Rhg1 Rab8 20. c3 c5 21.
Qc2 f5 22. Bxf5 cxd4 23. Kb1 dxc3 24. Qxc3+ d4 25. Qd2 Ne5 26. Be4 Nc4 27. Qg5
Rxb2+ 28. Ka1 Rxa2+ 0-1

[Event "Women's Speed Chess Q1"]
[Site "chess.com INT"]
[Date "2021.05.28"]
[Round "4"]
[White "Fernandez, Maria Florencia"]
[Black "Eswaran, Aksithi"]
[Result "1-0"]
[WhiteTitle "WIM"]
[BlackTitle "WCM"]
[WhiteElo "2229"]
[BlackElo "1745"]
[WhiteFideId "116459"]
[BlackFideId "2083485"]
[EventDate "2021.05.28"]

1. d4 d5 2. c4 c6 3. Nc3 Nf6 4. Nf3 e6 5. e3 Nbd7 6. Qc2 Be7 7. g4 dxc4 8. g5
Nd5 9. h4 b5 10. e4 Nxc3 11. bxc3 Bb7 12. Be2 c5 13. Be3 cxd4 14. Bxd4 O-O 15.
h5 Bxg5 16. Nxg5 Qxg5 17. Be3 Qe5 18. O-O-O Nf6 19. f3 b4 20. Bd4 Qf4+ 21. Kb1
bxc3 22. Qxc3 Nxe4 23. fxe4 Bxe4+ 24. Ka1 Bxh1 25. Rxh1 f6 26. Bxc4 Rfe8 27. h6
g6 28. Rf1 Qxh6 29. Bxf6 1-0

[Event "Women's Speed Chess Q1"]
[Site "chess.com INT"]
[Date "2021.05.28"]
[Round "4"]
[White "Chu, Ruotong"]
[Black "Starosta, Martyna"]
[Result "0-1"]
[WhiteTitle "WIM"]
[BlackTitle "WCM"]
[WhiteElo "2207"]
[BlackElo "1910"]
[WhiteFideId "8605653"]
[BlackFideId "21818754"]
[EventDate "2021.05.28"]

1. d4 Nf6 2. c4 e6 3. g3 c5 4. d5 b5 5. dxe6 fxe6 6. cxb5 d5 7. Nf3 Bd6 8. Bg2
O-O 9. O-O Bb7 10. Bg5 Qe8 11. a4 Nbd7 12. Nbd2 h6 13. Bxf6 Nxf6 14. Nc4 Bc7 15.
Nce5 Qh5 16. Nc6 Bxc6 17. bxc6 Rab8 18. Qc2 Bd6 19. Nh4 Rfc8 20. Bh3 Qf7 21. Nf3
Rxc6 22. Nd4 cxd4 0-1

[Event "Women's Speed Chess Q1"]
[Site "chess.com INT"]
[Date "2021.05.28"]
[Round "4"]
[White "Obregon Garcia, Roxangel"]
[Black "Gaponenko, Inna"]
[Result "0-1"]
[WhiteTitle "WIM"]
[BlackTitle "IM"]
[WhiteElo "2167"]
[BlackElo "2357"]
[WhiteFideId "3520420"]
[BlackFideId "14101181"]
[EventDate "2021.05.28"]

1. e4 g6 2. d4 Bg7 3. Nc3 d6 4. Be3 a6 5. a4 Nc6 6. h3 e5 7. Nge2 exd4 8. Nxd4
Nge7 9. g4 O-O 10. Bg2 Ne5 11. Qe2 c5 12. Nb3 Be6 13. Nd5 Bxd5 14. exd5 b5 15.
axb5 axb5 16. O-O Qd7 17. c3 f5 18. f4 Rxa1 19. Rxa1 Nc4 20. g5 Nc8 21. Bf2 Re8
22. Qc2 N8b6 23. Na5 Ra8 24. b4 cxb4 25. Bxb6 Nxb6 26. Qb1 Bxc3 27. Ra2 Re8 28.
Nc6 Re1+ 0-1

[Event "Women's Speed Chess Q1"]
[Site "chess.com INT"]
[Date "2021.05.28"]
[Round "4"]
[White "Gu, Xiaobing"]
[Black "Balabayeva, Xeniya"]
[Result "1-0"]
[WhiteTitle "WGM"]
[BlackTitle "WFM"]
[WhiteElo "2263"]
[BlackElo "2178"]
[WhiteFideId "8602611"]
[BlackFideId "13719688"]
[EventDate "2021.05.28"]

1. e4 c6 2. d4 d5 3. exd5 cxd5 4. c4 dxc4 5. Bxc4 Nf6 6. Nc3 g6 7. Nf3 Bg7 8.
Ne5 O-O 9. O-O a6 10. Qb3 e6 11. Rd1 b5 12. Be2 Bb7 13. a4 Nc6 14. Be3 b4 15.
Nxc6 Bxc6 16. Qxb4 Nd5 17. Nxd5 Bxd5 18. Rac1 Rb8 19. Qd2 Qd7 20. Bxa6 Qxa4 21.
Ra1 Qc6 22. Bf1 Qb7 23. Bf4 Ra8 24. b4 Rxa1 25. Rxa1 Qb6 26. Be5 Bxe5 27. dxe5
Rc8 28. b5 Bc4 29. Rc1 Qxb5 30. Qc3 1-0

[Event "Women's Speed Chess Q1"]
[Site "chess.com INT"]
[Date "2021.05.28"]
[Round "4"]
[White "Borisova, Ekaterina"]
[Black "Vargas, Gabriela"]
[Result "1-0"]
[WhiteTitle "FM"]
[BlackTitle "WIM"]
[WhiteElo "2268"]
[BlackElo "2170"]
[WhiteFideId "34124184"]
[BlackFideId "3700860"]
[EventDate "2021.05.28"]

1. d4 d5 2. c4 e6 3. Nf3 c6 4. g3 Bd6 5. Bg2 f5 6. O-O Nf6 7. Qc2 O-O 8. Nc3
Nbd7 9. Rb1 a5 10. a3 Ne4 11. b4 axb4 12. axb4 b6 13. Bf4 Bxf4 14. gxf4 Ra3 15.
Rb3 Rxb3 16. Qxb3 Ba6 17. b5 cxb5 18. cxd5 Nxc3 19. Qxc3 exd5 20. Ng5 Nf6 21.
Ne6 Qc8 22. Qxc8 Rxc8 23. Ra1 Bb7 24. Ra7 Rb8 25. e3 g6 26. Bf1 b4 27. f3 h6 28.
Ra4 Ne8 29. Rxb4 Kf7 30. Rxb6 Ra8 31. Nc5 Bc8 32. Bb5 Ra1+ 33. Kg2 Ra2+ 34. Kg3
Ra3 35. Rb8 1-0

[Event "Women's Speed Chess Q1"]
[Site "chess.com INT"]
[Date "2021.05.28"]
[Round "4"]
[White "Bodnaruk, Anastasia"]
[Black "Nguyen, Hong Anh"]
[Result "1-0"]
[WhiteTitle "IM"]
[BlackTitle "WIM"]
[WhiteElo "2457"]
[BlackElo "1993"]
[WhiteFideId "4181751"]
[BlackFideId "12406732"]
[EventDate "2021.05.28"]

1. e4 c5 2. Nc3 Nc6 3. Bb5 Nd4 4. Bc4 g6 5. Nf3 Bg7 6. Nxd4 cxd4 7. Qf3 Nf6 8.
Nb5 O-O 9. Nxd4 d6 10. Ne2 Bg4 11. Qe3 Rc8 12. Bb3 Bxe2 13. Qxe2 d5 14. e5 Ne4
15. O-O e6 16. d4 f6 17. f3 Ng5 18. exf6 Bxf6 19. Bxg5 Bxg5 20. Qxe6+ Kg7 21. c3
Re8 22. Qxd5 Qxd5 23. Bxd5 Re2 24. f4 Bh4 25. g3 Bf6 26. Rf2 Rce8 27. Kf1 R2e7
28. Rd1 Rd7 29. Bb3 b5 30. d5 a5 31. c4 a4 32. Bc2 Bxb2 33. c5 Red8 34. Rfd2 Bc3
35. Rd3 Bb4 36. c6 Rd6 37. Rd4 Bc5 38. Re4 Kf6 39. Re5 Ra8 40. Rde1 Rad8 41. Re8
Rxd5 42. c7 1-0

[Event "Women's Speed Chess Q1"]
[Site "chess.com INT"]
[Date "2021.05.28"]
[Round "4"]
[White "Mrudul, Dehankar"]
[Black "Hoshino, Meilin"]
[Result "1-0"]
[WhiteTitle "WIM"]
[BlackTitle "WCM"]
[WhiteElo "2256"]
[BlackElo "1591"]
[WhiteFideId "25096990"]
[BlackFideId "7001690"]
[EventDate "2021.05.28"]

1. e4 c5 2. Nf3 g6 3. d4 cxd4 4. Qxd4 f6 5. Nc3 Nc6 6. Qa4 e6 7. Be3 Nge7 8.
O-O-O Bg7 9. Nb5 O-O 10. Bf4 e5 11. Be3 d5 12. exd5 Nxd5 13. Rxd5 Qe7 14. Bc5
Qf7 15. Bxf8 Qxf8 16. Nc7 Rb8 17. Bc4 Kh8 18. Rhd1 Bg4 19. Be2 Rc8 20. Qxg4 Rxc7
21. Kb1 f5 22. Qa4 Rc8 23. Bb5 a6 24. Bxc6 bxc6 25. Rd7 1-0

[Event "Women's Speed Chess Q1"]
[Site "chess.com INT"]
[Date "2021.05.28"]
[Round "4"]
[White "Thipsay, Bagyashree Sathe"]
[Black "Girya, Olga"]
[Result "0-1"]
[WhiteTitle "WIM"]
[BlackTitle "WGM"]
[WhiteElo "2072"]
[BlackElo "2451"]
[WhiteFideId "5001013"]
[BlackFideId "4195752"]
[EventDate "2021.05.28"]

1. e4 c6 2. d4 d5 3. e5 Bf5 4. h4 h5 5. Bd3 Bxd3 6. Qxd3 Qa5+ 7. Nd2 e6 8. Nf3
Ne7 9. O-O Nf5 10. c4 Be7 11. g3 O-O 12. b3 Nd7 13. Bb2 Rac8 14. c5 b5 15. a3
Qc7 16. a4 b4 17. Kg2 a5 18. Rfe1 Rfe8 19. Nf1 f6 20. Bc1 fxe5 21. Nxe5 Nxe5 22.
Rxe5 Bf6 23. Bf4 Bxe5 24. Bxe5 Qf7 25. Nh2 Qg6 26. Kh1 Nxh4 27. Qe2 Nf5 28. Nf3
Nh6 29. Re1 Ng4 30. Kg2 Rf8 31. Bf4 Rxf4 0-1

[Event "Women's Speed Chess Q1"]
[Site "chess.com INT"]
[Date "2021.05.28"]
[Round "4"]
[White "Varney, Zoe"]
[Black "Li, Xueyi"]
[Result "1-0"]
[WhiteTitle "WCM"]
[BlackTitle "WGM"]
[WhiteElo "1917"]
[BlackElo "2328"]
[WhiteFideId "436135"]
[BlackFideId "8605912"]
[EventDate "2021.05.28"]

1. e4 c5 2. Nf3 d6 3. d4 cxd4 4. Nxd4 Nf6 5. Nc3 a6 6. Be3 e5 7. Nb3 Be7 8. f3
Be6 9. Qd2 O-O 10. O-O-O Nbd7 11. g4 b5 12. h4 b4 13. Nd5 Bxd5 14. exd5 a5 15.
h5 a4 16. Na1 b3 17. g5 Ne8 18. g6 f5 19. h6 hxg6 20. hxg7 Nxg7 21. Qh2 Kf7 22.
Bb5 Nc5 23. Bxc5 dxc5 24. d6 Bg5+ 25. Kb1 bxa2+ 26. Kxa2 Kf6 27. d7 Qb6 28. Bc4
Rfb8 29. c3 a3 30. b3 Rd8 31. Rd5 f4 32. Qd2 Qc7 33. Rd6+ Ke7 34. Rxg6 Bf6 35.
Qd5 Rxd7 36. Qf7+ Kd8 37. Rh8+ 1-0

[Event "Women's Speed Chess Q1"]
[Site "chess.com INT"]
[Date "2021.05.28"]
[Round "4"]
[White "Nomin-Erdene, Davaademberel"]
[Black "Bulmaga, Irina"]
[Result "0-1"]
[WhiteTitle "IM"]
[BlackTitle "IM"]
[WhiteElo "2382"]
[BlackElo "2440"]
[WhiteFideId "4900782"]
[BlackFideId "13903063"]
[EventDate "2021.05.28"]

1. f4 d5 2. Nf3 Nf6 3. g3 c5 4. Bg2 Nc6 5. O-O g6 6. d3 Bg7 7. c3 O-O 8. Na3 Qc7
9. Qe1 Bg4 10. e4 dxe4 11. dxe4 e5 12. Nxe5 Nxe5 13. fxe5 Nd7 14. Nc4 Be6 15.
Ne3 Nxe5 16. Nd5 Bxd5 17. exd5 Qd6 18. Bf4 f5 19. Qe2 Rae8 20. Rae1 b6 21. Qd2
Rf7 22. Re2 Rfe7 23. Rfe1 Bf6 24. Qc2 Bg7 25. Qa4 h6 26. Qc2 g5 27. Bc1 Rf8 28.
b3 f4 29. gxf4 gxf4 30. Be4 f3 31. Rf2 Ng4 32. Be3 Nxf2 33. Bxf2 Rfe8 34. Kh1
Kh8 35. Re3 Qf4 36. Bg3 Qxe3 0-1

[Event "Women's Speed Chess Q1"]
[Site "chess.com INT"]
[Date "2021.05.28"]
[Round "4"]
[White "Kabanova, Ekaterina"]
[Black "Purtseladze, Maka"]
[Result "0-1"]
[WhiteTitle "WFM"]
[BlackTitle "IM"]
[WhiteElo "2138"]
[BlackElo "2274"]
[WhiteFideId "24112917"]
[BlackFideId "13602659"]
[EventDate "2021.05.28"]

1. c4 e6 2. e3 d5 3. Nf3 c5 4. Qc2 Nc6 5. a3 Nf6 6. b3 d4 7. e4 Bd6 8. d3 O-O 9.
Bg5 h6 10. Bh4 Qa5+ 11. Nbd2 Qc3 12. Rc1 Qxc2 13. Rxc2 Bd7 14. Bxf6 gxf6 15. g3
Rfb8 16. Bg2 a6 17. Ke2 b5 18. Rb1 e5 19. Nh4 Bf8 20. f4 a5 21. cxb5 Rxb5 22.
Rbc1 Be6 23. Rb2 Rab8 24. Rcb1 a4 25. fxe5 Nxe5 26. Rf1 Bxb3 27. Rxf6 Bd1+ 28.
Kxd1 Rxb2 29. Ke2 c4 30. Rf5 c3 31. Rxe5 Rxd2+ 32. Kf3 c2 0-1

[Event "Women's Speed Chess Q1"]
[Site "chess.com INT"]
[Date "2021.05.28"]
[Round "4"]
[White "Agrest, Inna"]
[Black "Kiran, Manisha Mohanty"]
[Result "1-0"]
[WhiteTitle "WIM"]
[BlackTitle "WGM"]
[WhiteElo "2285"]
[BlackElo "2168"]
[WhiteFideId "1708830"]
[BlackFideId "5019575"]
[EventDate "2021.05.28"]

1. e4 c5 2. Nf3 d6 3. d4 cxd4 4. Nxd4 Nf6 5. Nc3 Nc6 6. Bg5 e6 7. Qd2 Be7 8. f3
Nxd4 9. Qxd4 O-O 10. O-O-O a6 11. h4 b5 12. g4 Bb7 13. Kb1 Qc7 14. Bd3 b4 15.
Ne2 d5 16. e5 Bc5 17. Qf4 Nd7 18. h5 Qxe5 19. Qc1 h6 20. Bf4 Qf6 21. g5 hxg5 22.
Bxg5 Qe5 23. h6 g6 24. Bf4 Qf6 25. Ng3 Kh7 26. Nh5 Qe7 27. Bg5 f6 28. Be3 Bxe3
29. Qxe3 f5 30. Nf4 e5 31. Nxg6 Kxg6 32. Rdg1+ Kf6 33. Rg7 Qe8 34. Qg5+ Ke6 35.
Rg6+ Rf6 36. Bxf5+ Ke7 37. Rg7+ Kd8 38. Rxd7+ Kc8 39. Qxf6 Kb8 40. Qd6+ Ka7 41.
Qc5+ Kb8 42. Qc7+ Ka7 43. Qxb7# 1-0

[Event "Women's Speed Chess Q1"]
[Site "chess.com INT"]
[Date "2021.05.28"]
[Round "4"]
[White "Tokhirjonova, Gulrukhbegim"]
[Black "Mahalakshmi, M"]
[Result "1-0"]
[WhiteTitle "WGM"]
[BlackTitle "WIM"]
[WhiteElo "2350"]
[BlackElo "2253"]
[WhiteFideId "14203626"]
[BlackFideId "5001080"]
[EventDate "2021.05.28"]

1. e4 c6 2. d4 d5 3. e5 Bf5 4. Nf3 e6 5. Be2 c5 6. c4 Nc6 7. cxd5 exd5 8. Nc3 c4
9. O-O Bb4 10. Bg5 Nge7 11. Rc1 O-O 12. a3 Bxc3 13. Rxc3 h6 14. Bc1 b5 15. Nh4
Kh8 16. Rg3 Bh7 17. Bg4 Ng6 18. Nf5 Nce7 19. Nd6 Rb8 20. f4 Qb6 21. Be3 f5 22.
Bh5 b4 23. axb4 Qxb4 24. Bc1 a5 25. Kh1 a4 26. Ra3 Ra8 27. h3 Kg8 28. Bf3 Nh4
29. Bh5 Nhg6 30. Rf2 Qa5 31. Bd2 Qa6 32. Bc3 Rfb8 33. Qc2 Rb3 34. Ra1 Qc6 35.
Nxf5 Nh4 36. Nxe7+ Kh8 37. Nxc6 Bxc2 38. Rxc2 1-0

[Event "Women's Speed Chess Q1"]
[Site "chess.com INT"]
[Date "2021.05.28"]
[Round "4"]
[White "Ovezdurdiyeva, Jemal"]
[Black "Arakhamia-Grant, Ketevan"]
[Result "0-1"]
[WhiteTitle "WFM"]
[BlackTitle "GM"]
[WhiteElo "2061"]
[BlackElo "2380"]
[WhiteFideId "14001888"]
[BlackFideId "13600168"]
[EventDate "2021.05.28"]

1. d4 Nf6 2. c4 g6 3. Nc3 Bg7 4. Nf3 d6 5. Bg5 O-O 6. e3 h6 7. Bh4 Nbd7 8. Be2
e5 9. dxe5 dxe5 10. Nd5 g5 11. Bg3 Ne4 12. Qc2 f5 13. O-O-O c6 14. Nc3 Nxc3 15.
Qxc3 f4 16. h4 g4 17. Nh2 h5 18. Nxg4 hxg4 19. Bh2 f3 20. gxf3 gxf3 21. Bf1 Qe7
22. Qc2 Nc5 23. h5 Bf5 24. Qc3 Ne4 25. Qe1 Rad8 26. Bd3 Nxf2 27. Qxf2 Bxd3 28.
Rdg1 Kh8 29. h6 Bf6 30. Qxf3 e4 0-1